000 00375nam a2200145Ia 4500
008 150201s2001 xx 000 0 und d
082 _a612.015
_bB2001V
100 _aVASUDEVAN
245 _aTEXTBOOK OF BIOCHEMISTRY FOR MEDICAL STUDENTS
250 _a3RD
260 _bJAYPEE MEDICAL PUBLISHER
_aDELHI
_c2001
300 _a1-481
650 _aBIOCHEMISTRY
942 _2ddc
_cBK
999 _c2540
_d2540